Diccionario Merriam-Webster de sinónimos y antónimos en inglés (Registro nro. 4677)
[ vista simple ]
| 000 -Cabecera | |
|---|---|
| Campo de control de longitud fija | 00464aam a2200169 4500 |
| 005 - Fecha y hora de la última transacción | |
| Campo de control | 20250207160913.0 |
| 008 - Elementos de longitud fija--Información general | |
| Campo de control de longitud fija | 150416b2006 xxu||||| |||| 00| 0 spa d |
| 041 ## - Idioma | |
| Código de idioma | Inglés |
| -- | Español |
| 082 ## - Clasificación Decimal Dewey | |
| Número de clasificación | R 413.1 D545d |
| 245 ## - Título propiamente dicho | |
| Título | Diccionario Merriam-Webster de sinónimos y antónimos en inglés |
| 260 ## - Pie de imprenta | |
| Lugar de publicación, distribución, etc. | Estados Unidos |
| Nombre del editor, distribuidor, etc. | Merriam Webster |
| Fecha de publicación, distribución, etc. | 2006 |
| 300 ## - Descripción física | |
| Extensión | 469 páginas |
| 650 ## - Materia general | |
| Temática (materia general) | SINÓNIMOS |
| 650 ## - Materia general | |
| Temática (materia general) | ANTÓNIMOS |
| 650 ## - Materia general | |
| Temática (materia general) | DICCIONARIOS |
| 942 ## - Punto de acceso adicional KOHA | |
| Tipo de ítem KOHA | Referencia |
| Fuente del sistema de clasificación o colocación | Dewey Decimal Classification |
| Signatura completa | Código de barras | Tipo de ítem |
|---|---|---|
| R 413.1 D545d | 13513 | Referencia |
| R 413.1 D545d | 13514 | Referencia |
| R 413.1 D545d | 14421 | Referencia |
| R 413.1 D545d | 14422 | Referencia |